Využitie neobývaných bytov si vyžiada podrobnejšiu analýzu
Údaje získané pri sčítaní obyvateľov, domov a bytov v máji 2001. Základné údaje o domovom a bytovom fonde. Ukazovatele úrovne bývania a vybavenosti domácností. Neobývané byty podľa dôvodu neobývanosti. Obyvatelia SR uprednostňujú bývanie v rodinných domoch. Väčšina bytov je 1. kategórie. Rozdiely v...
Saved in:
| Main Author: | |
|---|---|
| Format: | Book Chapter |
| Language: | Slovak |
| Subjects: | |
| Tags: |
No Tags, Be the first to tag this record!
|
MARC
| LEADER | 00000naa a2200000 4500 | ||
|---|---|---|---|
| 001 | r043292 | ||
| 005 | 20230921112250.3 | ||
| 041 | 0 | |a slo | |
| 044 | |a SK | ||
| 245 | 1 | 0 | |a Využitie neobývaných bytov si vyžiada podrobnejšiu analýzu |c Daniela Zverková |
| 520 | |a Údaje získané pri sčítaní obyvateľov, domov a bytov v máji 2001. Základné údaje o domovom a bytovom fonde. Ukazovatele úrovne bývania a vybavenosti domácností. Neobývané byty podľa dôvodu neobývanosti. Obyvatelia SR uprednostňujú bývanie v rodinných domoch. Väčšina bytov je 1. kategórie. Rozdiely v úrovni bývania. Vyčlenenie bytov na rekreačné účely. Otázka, čo s neobývanými bytmi. | ||
| 610 | 2 | 0 | |a bývanie |
| 610 | 2 | 0 | |a byty |
| 610 | 2 | 0 | |a vybavenosť domácností |
| 610 | 2 | 0 | |a fond bytový |
| 610 | 2 | 0 | |a rekreácia |
| 610 | 2 | 0 | |a Slovensko |
| 610 | 2 | 0 | |a sčítanie ľudu |
| 610 | 2 | 0 | |a 2001 |
| 100 | 1 | |a Zverková, Daniela | |